AutoCAD 2010 instructor : A student guide to complete of autocad's commands and features
AutoCAD 2010 Instructor includes instruction in all the new features of AutoCAD 2010, while maintaining the pedagogy and complete coverage that have always been a hallmark of the Leach text. The text is command-oriented so chapters are centered around groups of related commands.
Na minha lista:
| Autor principal: | |
|---|---|
| Formato: | Livro |
| Idioma: | Undetermined |
| Publicado em: |
New York
McGraw-Hill
2010
|
| Assuntos: | |
| Tags: |
Adicionar Tag
Sem tags, seja o primeiro a adicionar uma tag!
|
| Thư viện lưu trữ: | Trung tâm Học liệu Trường Đại học Cần Thơ |
|---|
| LEADER | 00907nam a2200217Ia 4500 | ||
|---|---|---|---|
| 001 | CTU_179536 | ||
| 008 | 210402s9999 xx 000 0 und d | ||
| 020 | |c 150 | ||
| 082 | |a 005.3 | ||
| 082 | |b L434 | ||
| 100 | |a Leach, James A | ||
| 245 | 0 | |a AutoCAD 2010 instructor : | |
| 245 | 2 | |b A student guide to complete of autocad's commands and features | |
| 245 | 0 | |c James A. Leach | |
| 260 | |a New York | ||
| 260 | |b McGraw-Hill | ||
| 260 | |c 2010 | ||
| 520 | |a AutoCAD 2010 Instructor includes instruction in all the new features of AutoCAD 2010, while maintaining the pedagogy and complete coverage that have always been a hallmark of the Leach text. The text is command-oriented so chapters are centered around groups of related commands. | ||
| 650 | |a AutoCad & Computer graphics,AutoCad và đồ họa máy tính | ||
| 904 | |i Nhung | ||
| 980 | |a Trung tâm Học liệu Trường Đại học Cần Thơ | ||